Vista normal Vista MARC

Entrada Corporate Name

Número de registros utilizados en: 1

001 - CONTROL NUMBER

  • control field: 26470

003 - CONTROL NUMBER IDENTIFIER

  • control field: OSt

005 - DATE AND TIME OF LATEST TRANSACTION

  • control field: 20230915231203.0

008 - FIXED-LENGTH DATA ELEMENTS

  • fixed length control field: 230915|| aca||aabn | a|a d

040 ## - CATALOGING SOURCE

  • Original cataloging agency: OSt
  • Transcribing agency: OSt

110 ## - HEADING--CORPORATE NAME

  • Corporate name or jurisdiction name as entry element: El Tiempo - Llano 7 días

670 ## - SOURCE DATA FOUND

  • Source citation: Work cat.: (OSt)27853: El Tiempo - Llano 7 días, FR 918.1 L15, Casa editorial el Tiempo









Instituto Departamental de Cultura del Meta - Red Departamental de Bibliotecas Públicas del Meta.